1767 1392 1633 1480 1880 1282 1653 1024 1470 1611 1626 1924 1616 1536 1193 1358 1637 1615 1807 1956 1651 1960 1273 1778 1029 1416 1117 1930 1881 1394 1060 1033 1503 1967 1745 1997 1159 1699 1940 1176 1866 1625 1931 1717 1020 1885 1864 1778 1568 1676 1666 1707 1628 1257 1884 1536 1025 1732 1716 1767 1560 1816 1569 1790 1337 1449 1137 1827 1562 1332 1518 1194 1029 1499 1375 1480 1917 1358 1889 1623 1613 1228 1227 1515 1139 1234 1715 1199 1355 1488 1964 1665 1264 1367 1171 1379 1061 1533 1663 BCNSPRNW ULIB Ver.6.0+V

เปลี่ยนเป็นภาษาไทย

Change to English
 แสดงรายละเอียดบรรณานุกรม
  กลับหน้าหลัก

Brief Record : Get Marc (ISO 2709) : E-mail record : QR code < ปิดหน้าต่าง
LEADER : 00000nam 2200000uu 4500
001    13399113564
003     ULIB
008    111128s2551||||th 000 0 tha d
020    ^a9789740415664
090    ^aนว.^bก880ส 2551
100 0  ^aแก่นฝัน
245 00 ^aสืบลับกับดักรัก/^cแก่นฝัน
250    ^aพิมพ์ครั้งที่ 1
260    ^aกรุงเทพฯ :^bบลูเบลล์,^c2551
300    ^a318 หน้า
710 1  ^aบูลเบลล์
945    ^p219^l0^i16025
995    ^aกัณชพร
999    ^aใช้งานได้ทุกระบบ
รายการนี้ยังไม่มีแท็ก
คุณยังไม่ได้ล็อกอิน คุณสามารถมีกิจกรรมร่วมกับเว็บไซต์ได้ แต่ต้องล็อกอินก่อน ::
  ล็อกอิน

รายการสื่อสารสนเทศ

ลำดับที่ ประเภท เลขเรียก/บาร์โค้ด สถานที่ สถานะ
1. วิทยาศาสตร์การแพทย์ และสุขภาพ
วิทยาศาสตร์การแพทย์ และสุขภาพ
นว. ก880ส 2551  
  Barcode: 16025
ห้องสมุดวิทยาเขตสวรรค์ประชารักษ์
►นวนิยาย
บนชั้น
  ขอยืม

รายการใกล้เคียง
    ผู้แต่ง [แก่นฝัน]

BibComment


ยังไม่เคยถูกคอมเมนท์

คอมเมนท์ทรัพยากรรายการนี้
  คอมเมนท์: สืบลับกับดักรัก ..


 Copyright 2026. Bcnsprnw @Library